Problems and Futures of Small Countries Paper from the International Seminar. Bratislava, Slovakia, September 5-6, 1994

Uložené v:
Podrobná bibliografia
Ďalší autori: Spáčilová, Ružena, Zajac, Štefan
Médium: Kniha
Jazyk:English
Vydavateľské údaje: Bratislava Institute for Forecasting Slovak Academy of Sciences 1994
Vydanie:1. ed.
Predmet:
Tagy: Pridať tag
Žiadne tagy, Buďte prvý, kto otaguje tento záznam!

MARC

LEADER 00000nam a2200000 4500
001 c010113
005 20230228093222.1
041 0 |a eng 
044 |a SK 
245 1 0 |a Problems and Futures of Small Countries  |b Paper from the International Seminar. Bratislava, Slovakia, September 5-6, 1994  |c Edit. Ružena Spáčilová, Štefan Zajac 
250 |a 1. ed. 
264 1 |a Bratislava  |b Institute for Forecasting Slovak Academy of Sciences  |c 1994 
300 |a 122 s. 
610 2 0 |a prognózy hospodárske 
610 2 0 |a Slovensko 
610 2 0 |a prostredie životné 
610 2 0 |a transformácia 
610 2 0 |a situácia hospodárska 
610 2 0 |a vývoj hospodársky 
610 2 0 |a integrácia ekonomická medzinárodná 
700 1 |a Spáčilová, Ružena 
700 1 |a Zajac, Štefan